MARC

LEADER 00000nam0a2200000 4500
001 346653
005 20231102005917.0
010 |a 9994770810 
035 |a (RuTPU)RU\TPU\book\378536 
090 |a 346653 
100 |a 20211029d2011 km y0rusy50 ca 
101 0 |a rus 
102 |a TJ 
105 |a a f 000zy 
200 1 |a Российско-Таджикский (Славянский) университет  |e энциклопедия  |f Российско-Таджикский (Славянский) университет ; гл. ред. М. С. Имомов ; сост. А. В. Валиев 
210 |a Душанбе  |c Изд-во РТСУ  |d 2011 
215 |a 386 с.  |c ил. 
606 1 |a Университеты  |2 stltpush  |3 (RuTPU)RU\TPU\subj\63052  |9 80100 
610 1 |a высшее образование 
610 1 |a Россия 
610 1 |a Таджикистан 
610 1 |a история 
610 1 |a 20 век 
610 1 |a управление 
610 1 |a профессорско-преподавательский состав 
610 1 |a научные исследования 
610 1 |a научные исследования 
610 1 |a факультеты 
610 1 |a университетское образование 
610 1 |a энциклопедии 
686 |a Ч484(2)71  |v LBC/SL-A  |2 rubbk 
702 1 |a Имомов  |b М. С.  |g Махмадюсуф Сайдалиевич  |4 651 
702 1 |a Валиев  |b А. В.  |4 220 
712 0 2 |a Российско-Таджикский (Славянский) университет  |c (Душанбе)  |2 stltpush  |3 (RuTPU)RU\TPU\col\27851 
801 1 |a RU  |b 63413507  |c 20211029 
801 2 |a RU  |b 63413507  |c 20211209  |g RCR 
942 |c BK